000 00514nam a2200217Ia 4500
003 OSt
005 20220924113218.0
006 a|||||r|||| 00| 0
007 ta
008 220923b |||||||| |||| 00| 0 urd d
020 _c30
024 _a43379
037 _cDictionary
040 _aARTS
_cARTS
_burd
041 _2urd
_aurd
082 _a344Q7:N62, 168K2
245 0 _aUrdu encyclopaedia
260 _c1962
942 _h344Q7:N62, 168K2
_cdic
_2cc
999 _c389587
_d389587